| 000 | 00467nam a2200169 i 4500 | ||
|---|---|---|---|
| 001 | 34588 | ||
| 003 | ES-MaACL | ||
| 005 | 20250820063024.0 | ||
| 007 | t| | ||
| 008 | 030207s1971 sp ||||1| spa d | ||
| 100 | 1 |
_aBonilla, Luis, _d1912- _930180 |
|
| 245 | 1 | 4 |
_aLos mitos de la humanidad / _cLuis Bonilla. |
| 260 |
_aMadrid : _bPrensa EspaƱola, _c1971. |
||
| 300 |
_a243 p. ; _c21 cm. |
||
| 852 |
_aES-MaACL _jC-46242 _bR.78442 |
||
| 999 |
_c34588 _d34588 |
||